| 000 | 01111 a2200253 4500 | ||
|---|---|---|---|
| 010 | _aENG-85189 | ||
| 020 |
_a8183700810 _c350.00 |
||
| 035 | _aEN-68722 | ||
| 037 | _bD.B.Act / Pub | ||
| 082 | 1 | 4 | _a305.8541 |
| 090 |
_c1655 _d1655 |
||
| 245 | 1 |
_aEthnic relations among the people of North-East India _ceditor, N. Joykumar Singh. |
|
| 260 |
_aNew Delhi _bCentre for Manipur Studies, Manipur University and Akansha Pub. House, _c2006. |
||
| 260 |
_aNew Delhi _bAkansha Publishing House _c2006 |
||
| 300 |
_axii, 107 p. _c22 cm. (Hb) |
||
| 500 | _aIncludes bibliographical references and index | ||
| 520 | _aWith special reference to Manipur, India; contributed papers presented at a seminar organized by Centre for Manipur Studies, Manipur University on November 10-11, 2004 | ||
| 650 | 0 |
_aEthnicity _zIndia _zManipur |
|
| 651 | 0 |
_aManipur (India) _xEthnic relations |
|
| 700 | 1 |
_aJoykumar Singh, N., _d1950- |
|
| 710 | 2 |
_aManipur University. _bCentre for Manipur Studies. |
|
| 942 |
_adpl _cEN _k305.8541 / ETH |
||
| 999 |
_c1626 _d1626 |
||